Prénoms de filles les plus populaires au Québec en 2019 - Statistiques

Statistiques générales
  • Ce quiz a été pris 176 fois
  • Le résultat moyen est 45 sur 100
Statistiques - réponses
% Correct
Emma
86%
Léa
84%
Julia
79%
Anna
78%
Ellie
73%
Chloé
72%
Juliette
71%
Rose
71%
Alice
69%
Charlotte
69%
Zoé
69%
Camille
68%
Gabrielle
68%
Olivia
66%
Jeanne
64%
Laura
64%
Lily
64%
Clara
61%
Sara
61%
Sophie
61%
Charlie
60%
Béatrice
59%
Émilie
59%
Florence
59%
Sarah
58%
Alicia
57%
Élisabeth
57%
Elizabeth
57%
Laurence
57%
Jade
56%
Sofia
56%
Sophia
56%
Lou
54%
Noémie
54%
Aurélie
53%
Laurie
53%
Justine
52%
Mia
52%
Eva
51%
Rosalie
51%
Raphaëlle
49%
Éloise
48%
Emy
48%
Ève
48%
Victoria
48%
Mathilde
46%
Amélia
44%
Coralie
44%
Romy
44%
Maélie
43%
Maely
43%
Mila
43%
Océane
43%
Aria
42%
Élodie
42%
Elena
41%
Ophélie
41%
Anaïs
40%
Jasmine
40%
Léane
40%
Léanne
40%
Maëva
40%
Annabelle
39%
Clémence
39%
Éléonore
39%
Eliane
38%
Léonie
38%
Livia
37%
Lyvia
37%
Romane
37%
Alexia
36%
Lina
36%
Mégane
36%
Marianne
34%
Yasmine
34%
Adèle
33%
Magalie
33%
Margot
32%
Maya
32%
Mélodie
32%
Simone
32%
Delphine
28%
Flavie
27%
Lily-Rose
27%
Agathe
26%
Estelle
24%
Kayla
22%
Ella
21%
Maïka
21%
Abigaëlle
20%
Abygaëlle
20%
Alyssa
20%
Arielle
18%
Evelyne
18%
Abby
17%
Billie
16%
Léa-Rose
14%
Lexie
14%
Noélie
11%
Stella
10%
Aucun quiz correspondant
Distribution des résultats
% des personnes avec chaque résultat
Percentile par nombre de réponses
Votre historique - résultats
Vous n’avez pas pris ce quiz